Δημοσθένους υπέρ κτησιφώντος περί του Στεφάνου

Αποθηκεύτηκε σε:
Λεπτομέρειες βιβλιογραφικής εγγραφής
Κύριος συγγραφέας: Δημοσθένης, 384-322
Άλλοι συγγραφείς: Κασιμάκος, Νίκων Γ. (Μεταφραστής, Επιμελητής έκδοσης)
Μορφή: Βιβλίο
Γλώσσα:Greek
Δημοσίευση: Εν Αθήναις : Πάπυρος, 1956
Σειρά:Βιβλιοθήκη "Παπύρου" ; ; 220, 225
Τα άπαντα των αρχαίων Ελλήνων συγγραφέων
Θέματα:
Ετικέτες: Προσθήκη ετικέτας
Δεν υπάρχουν, Καταχωρήστε ετικέτα πρώτοι!

MARC

LEADER 00000cam a2200000 i 4500
001 1/95091
008 081008s1956 gre d
035 |l 10100720 
040 |a GR-MY-UA  |b gre  |e aacr 
041 0 |a gre 
082 0 |a 885.01  |2 (22) 
100 0 |a Δημοσθένης,   |d 384-322. 
245 1 0 |a Δημοσθένους υπέρ κτησιφώντος περί του Στεφάνου /  |c αρχαίον κείμενον - πρόλογος - μετάφρασις - σημειώσεις Νίκωνος Γ. Κασιμάκου 
260 |a Εν Αθήναις :   |b Πάπυρος,   |c 1956 
300 |a 2 τ.;  |c 21 εκ. 
490 1 |a Βιβλιοθήκη Παπύρου  |v ; 220, 225 
490 1 |a Τα άπαντα των αρχαίων ελλήνων συγγραφέων 
600 0 7 |2 nlgaf  |a Δημοσθένης,   |d 384-322. 
650 0 0 |a Rhetoric  |x Greece. 
650 0 0 |a Speeches, addresses, etc., Greek. 
700 1 |a Κασιμάκος, Νίκων Γ.  |4 trl  |4 edt 
830 0 |a Βιβλιοθήκη "Παπύρου" ;  |v ; 220, 225 
830 0 |a Τα άπαντα των αρχαίων Ελλήνων συγγραφέων 
852 |a INST  |b RHODES  |c AKA  |e 20081008  |h  885.01 ΔΗΜ  |p 005400030903  |q 005400030903  |t BK  |v τ.1:  |y 0  |z τ.1 
852 |a INST  |b RHODES  |c AKA  |e 20081127  |h  885.01 ΔΗΜ  |p 005400031037  |q 005400031037  |t BK  |v τ.2:  |y 0  |z τ.2 
853 |a INST  |b RHODES  |c AKA  |h  885.01 ΔΗΜ 
901 |a BIBL4-2008-3 
909 |a Ρ  |b 153210 
909 |a Ρ  |b 153220 
970 |a ΚΟΖΑ  |b ΜΑΡΙΑ  |z 2008/10/08